Estatísticas para Países mais próximos da Coréia do Sul

Clique aqui para jogar o quiz

Estatísticas Gerais

  • Esse quiz foi jogado 190 vezes
  • A pontuação média é 17 de 21

Estatísticas das Respostas

kmpaís% Correto
263China
100%
0Coréia do Norte
99%
50Japão
99%
455Rússia
96%
2712Índia
95%
2766Tailândia
91%
1040Mongólia
90%
3334Indonésia
89%
2221Vietname
89%
2603Laos
86%
3014Malásia
86%
1434Filipinas
85%
3323Butão
82%
2789Camboja
82%
990Taiwan
82%
3301Bangladesh
73%
2615Birmânia
73%
3334Brunei
65%
3217Cazaquistão
63%
2879Micronésia
38%
2956Palau
37%

Distribuição das Pontuações

Percentil de Números Respondidos

Porcentagem de Pessoas com Cada Pontuação

Sua Pontuação Histórica

Você não jogou esse quiz